| 000 | 00620 a2200229 4500 | ||
|---|---|---|---|
| 003 | CBULib | ||
| 005 | 20250307095429.0 | ||
| 008 | 241015b |||||||| |||| 00| 0 eng d | ||
| 020 | _a9780764234934 | ||
| 040 |
_bEnglish _cCBULib _erda |
||
| 041 | _aeng | ||
| 050 | _aPS 3604.E4225C76 | ||
| 100 | _aDelamere, Jennifer | ||
| 245 |
_aCrossed lines _c/ by Jennifer Delamere |
||
| 260 |
_bBethany House, _c2021 _aMinnesota : |
||
| 300 | _a331 pages | ||
| 336 |
_2rdacontent _aText | _btxt |
||
| 337 |
_2rdamedia _aUnmediated | _bn |
||
| 338 |
_2rdacarrier _aVolume _bnc |
||
| 650 | 0 |
_9708 _aFICTION |
|
| 942 |
_2lcc _c002 |
||
| 999 |
_c85543 _d85543 |
||